| 000 -LEADER |
| fixed length control field |
02165nam a22002177a 4500 |
| 005 - DATE AND TIME OF LATEST TRANSACTION |
| control field |
20260209140302.0 |
| 008 - FIXED-LENGTH DATA ELEMENTS--GENERAL INFORMATION |
| fixed length control field |
260129b ||||| |||| 00| 0 eng d |
| 040 ## - CATALOGING SOURCE |
| Transcribing agency |
SSBUL |
| 041 ## - LANGUAGE CODE |
| Language code of text/sound track or separate title |
English |
| 082 ## - DEWEY DECIMAL CLASSIFICATION NUMBER |
| Edition number |
23 |
| Item number |
T-55 Ph.D. |
| 100 0# - MAIN ENTRY--PERSONAL NAME |
| Personal name |
Chaw Ei Ei Aung. |
| Numeration |
4 Ph.D-Hist-4 |
| 9 (RLIN) |
65838 |
| 245 10 - TITLE STATEMENT |
| Title |
Administration of Justice in Colonial Period (1885-1948) / |
| Statement of responsibility, etc. |
Chaw Ei Ei Aung. |
| 260 ## - PUBLICATION, DISTRIBUTION, ETC. |
| Place of publication, distribution, etc. |
Mandalay : |
| Name of publisher, distributor, etc. |
University of Mandalay, |
| Date of publication, distribution, etc. |
2007. |
| 300 ## - PHYSICAL DESCRIPTION |
| Extent |
xxix ,199 pages. |
| Other physical details |
Includes tables and photographs. |
| Dimensions |
29 cm. |
| 502 ## - DISSERTATION NOTE |
| Dissertation note |
This disseration ,on the title of "Administration of Justice in Colonial Period (1885-1948)",is written in four chapters:(1) Background History of Ancient Myanmar Legal System,(2)Organization of Courts at Various Levels,(3)Civil CAses and Criminal Cases and (4)Judiciary of Provinces and Hill Tracts.Chapter one deals with ancient Myanmar legal system during the period of Myanmar Kings up to Konbaung dynasty,as far as the sources are avaliable.Chapter two discusses the situations in recent British occupation,resulting in the change of administrative form consequently legal system(usually arbitration)into British legal system (formal litigation).The Courts at various levels established by the British and its legal system are discussed.Chapter thrree deals with the nature of criminal and civil cases and colonial period are discussed.In Chapter four,the subjects discussed are administration of justice specifically prescribed for States and Hill Tracts and traditional customs in comparison with respective state.In addition Chapter four also consists of juvenile trials and the nature of prisons. |
| Degree type |
Ph.D. |
| Name of granting institution |
University of Mandalay. |
| Year degree granted |
May,2007. |
| 504 ## - BIBLIOGRAPHY, ETC. NOTE |
| Bibliography, etc. note |
Includes bibliography. |
| 505 ## - FORMATTED CONTENTS NOTE |
| Formatted contents note |
Contents<br/>Introduction<br/>Chapters<br/>1.Background History of Ancient Myanmar Legal System<br/>2.Organization of the Courts at Various Level<br/>3.Civil Cases and Criminal Cases<br/>4.Judiciary of the Hill Tracts and Provinces |
| Statement of responsibility |
Chaw Ei Ei Aung. |
| Title |
Administration of Justice in Colonial Period (1885-1948). |
| 650 ## - SUBJECT ADDED ENTRY--TOPICAL TERM |
| Topical term or geographic name entry element |
Justice |
| Chronological subdivision |
(1885-1948). |
| Geographic subdivision |
Myanmar |
| 9 (RLIN) |
65839 |
| General subdivision |
History |
|
| Topical term or geographic name entry element |
Administration |
| Chronological subdivision |
(1885-1948). |
| Geographic subdivision |
Myanmar |
| General subdivision |
History |
| 9 (RLIN) |
66127 |
| 942 ## - ADDED ENTRY ELEMENTS (KOHA) |
| Source of classification or shelving scheme |
|
| Koha item type |
Reference |